| 000 | 00637nam a22001817a 4500 | ||
|---|---|---|---|
| 999 |
_c16621 _d16621 |
||
| 003 | AR-CdUCM | ||
| 008 | 190504b ||||| |||| 00| 0 spa d | ||
| 040 |
_aMUNICIPALIDAD PROVINCIAL DEL CUSCO _cBIBLIOTECA MUNICIPAL DEL CUSCO |
||
| 082 |
_a910.45 / _bG21 |
||
| 100 |
_aGall, J y F. _936175 |
||
| 245 | _aEl Filibusterismo / | ||
| 260 |
_aMexico : _bDCE, _c1957. |
||
| 300 |
_a243 páginas ; _c17 cm. |
||
| 440 |
_aBreviarios del Fondo de Cultura Económica _n131 _936176 |
||
| 505 | _aEl alba del filibusterismo -- La isla de la tortuga en la actualidad -- El funcionamiento en filibusterismo... | ||
| 942 |
_2ddc _cLIBROS |
||
| 945 | _awfj | ||